• 首页
  • 本馆介绍
  • 公告通知
  • 最新文献
  • 馆藏检索
  • 电子资源
  • 读者导购
  • 参考咨询
  • 我的图书馆
  • 登录
  • 详细信息显示
  • 放入我的书架
  • 预约/预借图书
  • 作者相关作品
  • 分类相关作品
  • 丛书相关作品
  • 出版社相关作品

书目信息

  • 表格格式
  • 工作单格式
  • 卡片格式
题名:
钳工基本知识
    
 
作者: 陈亨民 编
分册:  
出版信息: 兰州   甘肃人民出版社  1984.6
页数: 143页
开本: 20cm
丛书名:
单 册:
中图分类: TG91
科图分类:
主题词: 钳工--工艺--理论 , 装配--工艺--理论
电子资源:
ISBN:
000 00571nam0 2200205 45
001 0312221749
005 20031222170911.8
010    @dCNY0.43
100    @a20031222d1984 km y0chiy0120 ea
101    @achi
105    @a z 000yy
200 1  @a钳工基本知识@AQian Gong Ji Ben Zhi Shi@f陈亨民等编@FChen Heng Min Deng Bian
210    @a兰州@c甘肃人民出版社@d1984.6
215    @a143页@d20cm
606 0  @a钳工@x工艺@x理论
606 0  @a装配@x工艺@x理论
690    @aTG91@v3
701 0  @a陈亨民@4编
801    @aCN@bTSTCL@c20031222
905    @a213230@dTG91@e16@b109002-003@f2
    
    钳工基本知识/陈亨民等编.-兰州:甘肃人民出版社,1984.6
    143页;20cm
    
    
    ISBN :CNY0.43
    
●
相关链接 在E读中查询图书 在五车中查询图书 在当当中查询图书 在豆瓣中查询图书


正题名:钳工基本知识     索取号:TG91/16         预约/预借

序号 登录号 条形码 馆藏地/架位号 状态 备注
1 0109002   001363660   第三借阅区/ [索取号:TG91/16] 在馆    
2 0109003   001363624   第二样本阅览室/ [索取号:TG91/16] 在馆    
唐山师范学院图书馆 欢迎您!
大连网信软件有限公司© 版权所有